000 01038cad a22002055a 4500
001 L157026
008 120814s2012 xxkd f s f000 0 eng d
035 _a(Sirsi) u157026
041 0 _aeng
110 1 _aUnited Kingdom
_bOffice of National Statistics
_92035
245 0 0 _aOutput in the construction industry
_bJune and Q2 2012
_h[electronic resource]
260 _a[S.l.]
_bONS
_c2012
490 0 _aStatistical bulletin
_v10 August 2012
520 _aThis bulletin shows output in the construction industry for the second quarter of 2012. The overall estimate for construction output this quarter was 3.9% lower compared with the previous quarter, reflecting volume reductions in eight out of the nine sectors. The largest of these reductions was in new infrastructure work, which fell by 8.6%.
590 _aKA
651 4 _aGreat Britain
_y1707-
690 _aConstruction management
_96230
856 4 0 _uhttps://www.ons.gov.uk/ons/dcp171778_275303.pdf
_zView the statistical bulletin free of charge at www.ons.gov.uk
942 _n0
999 _c114548
_d114548